Представление документа в формате RUSMARC

ПолеНазваниеЗначение
  Тип записи a
  Библиографический уровень a
001 Контрольный номер RU/УОНБ/EK_KRAY/320874719
005 Дата корректировки 20240131015234.5
100 Данные общей обработки __
a Данные общей обработки 20010623d2001 u u0rusy0103 ba
101 Язык документа 0_
a Язык текста rus
200 Заглавие и сведения об ответственности 1_
a Заглавие О ставках лесных податей и расчете арендной платы за отдельные виды лесопользования
e Сведения, относящиеся к заглавию закон Ульяновской области
210 Выходные данные 1_
d Дата издания 2001
461 Уровень набора _0
1 2001
a Ульяновская правда
0 Уровень набора Ульяновская правда
463 Уровень физической единицы _0
1 2000
a 7 апр.
v С. 10. См. также "НГ". - 2001. - 4 апр.
1 210
d 2001
610 Ключевые слова 0_
a Ключевые слова ставки
610 Ключевые слова 0_
a Ключевые слова лесные подати
610 Ключевые слова 0_
a Ключевые слова арендная плата
610 Ключевые слова 0_
a Ключевые слова лесопользование
610 Ключевые слова 0_
a Ключевые слова закон
686 Индексы других классификаций __
a Классификационный индекс 0Б(2...-4)
2 Код системы rubbk
801 Источник записи _0
a Страна RU
b Организация Ульяновская ОНБ
c Дата составления 20010623
g Правила каталогизации PSBO
801 Источник записи _1
a Страна RU
b Организация Ульяновская ОНБ
c Дата составления 20010623
901 Тип документа __
t Тип документа b
909 Создатель записи __
a Создатель записи
938 Служебная информация __
a Имя БД kraeved_work
b Имя библиотеки УОНБ
c Имя АИБС МАРК-SQL
d Номер DOC_ID в БД 18716